Teaching strategies : (Record no. 15655)

MARC details
000 -LEADER
fixed length control field 01152cam a2200301 a 4500
001 - CONTROL NUMBER
control field 12233019
003 - CONTROL NUMBER IDENTIFIER
control field OSt
005 - DATE AND TIME OF LATEST TRANSACTION
control field 20211028160718.0
008 - FIXED-LENGTH DATA ELEMENTS--GENERAL INFORMATION
fixed length control field 001116s2001 maua bf 001 0 eng
010 ## - LIBRARY OF CONGRESS CONTROL NUMBER
LC control number 00131416
020 ## - INTERNATIONAL STANDARD BOOK NUMBER
International Standard Book Number 0618042873
040 ## - CATALOGING SOURCE
Original cataloging agency DLC
Transcribing agency HU
Modifying agency DLC
050 00 - LIBRARY OF CONGRESS CALL NUMBER
Classification number LB1025.3
Item number .T437 2001
082 00 - DEWEY DECIMAL CLASSIFICATION NUMBER
Classification number 371.3/028 TEA2001
Edition number 21
245 00 - TITLE STATEMENT
Title Teaching strategies :
Remainder of title a guide to better instruction /
Statement of responsibility, etc. Donald C. Orlich ... [et al.].
250 ## - EDITION STATEMENT
Edition statement 6th ed.
260 ## - PUBLICATION, DISTRIBUTION, ETC.
Place of publication, distribution, etc. Boston :
Name of publisher, distributor, etc. Houghton Mifflin Co.,
Date of publication, distribution, etc. c2001.
300 ## - PHYSICAL DESCRIPTION
Extent xviii, 388 p. :
Other physical details ill. ;
Dimensions 26 cm.
504 ## - BIBLIOGRAPHY, ETC. NOTE
Bibliography, etc. note Includes bibliographical references and index.
650 #0 - SUBJECT ADDED ENTRY--TOPICAL TERM
Topical term or geographic name entry element Teaching
Form subdivision Handbooks, manuals, etc.
9 (RLIN) 16134
650 #0 - SUBJECT ADDED ENTRY--TOPICAL TERM
Topical term or geographic name entry element Lesson planning
Form subdivision Handbooks, manuals, etc.
9 (RLIN) 16135
650 #0 - SUBJECT ADDED ENTRY--TOPICAL TERM
Topical term or geographic name entry element Educational tests and measurements
Form subdivision Handbooks, manuals, etc.
9 (RLIN) 16136
650 #0 - SUBJECT ADDED ENTRY--TOPICAL TERM
Topical term or geographic name entry element Classroom management
Form subdivision Handbooks, manuals, etc.
9 (RLIN) 16137
700 1# - ADDED ENTRY--PERSONAL NAME
Personal name Orlich, Donald C.
9 (RLIN) 16138
906 ## - LOCAL DATA ELEMENT F, LDF (RLIN)
a 7
b cbc
c origcop
d 3
e ncip
f 20
g y-gencatlg
942 ## - ADDED ENTRY ELEMENTS (KOHA)
Source of classification or shelving scheme Dewey Decimal Classification
Koha item type Books like text book referance book
Suppress in OPAC No
Holdings
Withdrawn status Lost status Source of classification or shelving scheme Damaged status Not for loan Collection code Home library Current library Shelving location Date acquired Total Checkouts Full call number Barcode Date last seen Copy number Price effective from Koha item type
    Dewey Decimal Classification     Reference Wondo Genet Library Wondo Genet Library General Stacks 10/28/2021   371.3/028 TEA2001 WGCFNRL00004884 10/28/2021 1 10/28/2021 Books like text book referance book
    Dewey Decimal Classification     Reference Wondo Genet Library Wondo Genet Library General Stacks 10/28/2021   371.3/028 TEA2001 WGCFNRL00004885 10/28/2021 2 10/28/2021 Books like text book referance book
    Dewey Decimal Classification     Reference Wondo Genet Library Wondo Genet Library General Stacks 10/28/2021   371.3/028 TEA2001 WGCFNRL00004886 10/28/2021 3 10/28/2021 Books like text book referance book